Normal view MARC view
  • Beal, Roy.E

Entry Personal Name

Number of records used in: 3

001 - CONTROL NUMBER

  • control field: 62047

003 - CONTROL NUMBER IDENTIFIER

  • control field: NUST

005 - DATE AND TIME OF LATEST TRANSACTION

  • control field: 20210628202851.0

008 - FIXED-LENGTH DATA ELEMENTS

  • fixed length control field: 210628|| aca||aabn | a|a d

040 ## - CATALOGING SOURCE

  • Original cataloging agency: NUST
  • Transcribing agency: NUST

100 ## - HEADING--PERSONAL NAME

  • Personal name: Beal, Roy.E

670 ## - SOURCE DATA FOUND

  • Source citation: Work cat.: (NUST): Beal, Roy.E, Engine coolant testing, second symposium, 1984
© 2023 Central Library, National University of Sciences and Technology. All Rights Reserved.